[Event "Benko - Volga Gambit"]
[Site "SchemingMind.com"]
[Date "2006.08.25"]
[Round "-"]
[White "Gambiteer"]
[Black "Raimondi"]
[Result "1-0"]
[WhiteCountry "ENG"]
[BlackCountry "PER"]
[WhiteElo "2069"]
[WhiteRD "68"]
[BlackElo "1527"]
[BlackRD "70"]
[GameID "65151"]

1. d4 Nf6 2. c4 c5 3. d5 b5 4. cxb5 a6 5. e3 g6 6. Nc3 Bg7 7. Nf3 O-O 8. Bc4 d6 9. e4 axb5 10. Nxb5 Nxe4
11. O-O Ba6 12. Re1 Nf6 13. Qd3 Qb6 14. Rxe7 Nbd7 15. Bg5 Rfe8 16. Rxe8+ Rxe8 17. a4 Rb8 18. a5 Qb7 19. Nxd6 Qxb2 20. Re1 Bxc4
21. Nxc4 Qb5 22. Nfd2 Ne8 23. Bf4 Rd8 24. d6 Qa6 25. Re7 Nf8 26. Qd5 Ne6 27. Rxe6 fxe6 28. Qxe6+
1-0

[Event "Benko - Volga Gambit"]
[Site "SchemingMind.com"]
[Date "2006.08.25"]
[Round "-"]
[White "Raimondi"]
[Black "Gambiteer"]
[Result "0-1"]
[WhiteCountry "PER"]
[BlackCountry "ENG"]
[WhiteElo "1527"]
[WhiteRD "70"]
[BlackElo "2069"]
[BlackRD "68"]
[GameID "65152"]

1. d4 Nf6 2. c4 c5 3. d5 b5 4. cxb5 a6 5. bxa6 Bxa6 6. Nc3 d6 7. Nf3 g6 8. g3 Bg7 9. Bg2 O-O 10. O-O Nbd7
11. Re1 Qc7 12. e4 c4 13. b3 cxb3 14. Qxb3 Nc5 15. Qd1 Nd3 16. Bd2 Ng4 17. Rf1 Qc5 18. Qc2 Ndxf2
0-1

[Event "Benko - Volga Gambit"]
[Site "SchemingMind.com"]
[Date "2006.08.26"]
[Round "-"]
[White "Gordon"]
[Black "Raimondi"]
[Result "1-0"]
[WhiteCountry "ENG"]
[BlackCountry "PER"]
[WhiteElo "2345"]
[WhiteRD "79"]
[BlackElo "1527"]
[BlackRD "70"]
[GameID "65299"]

1. d4 Nf6 2. c4 c5 3. d5 b5 4. cxb5 a6 5. bxa6 Bxa6 6. Nc3 g6 7. e4 Bxf1 8. Kxf1 d6 9. g4 Bg7 10. Kg2 O-O
11. g5 Nfd7 12. h4 Ne5 13. f4 Ned7 14. h5 f6 15. hxg6 hxg6 16. Qg4 Kf7 17. gxf6 Nxf6 18. Qe6+ Ke8 19. e5
1-0

[Event "Benko - Volga Gambit"]
[Site "SchemingMind.com"]
[Date "2006.08.26"]
[Round "-"]
[White "Gordon"]
[Black "Gambiteer"]
[Result "1-0"]
[WhiteCountry "ENG"]
[BlackCountry "ENG"]
[WhiteElo "2345"]
[WhiteRD "79"]
[BlackElo "2069"]
[BlackRD "68"]
[GameID "65300"]

1. d4 Nf6 2. c4 c5 3. d5 b5 4. cxb5 a6 5. bxa6 Bxa6 6. Nc3 d6 7. e4 Bxf1 8. Kxf1 g6 9. g4 Bg7 10. Kg2 O-O
11. g5 Nfd7 12. h4 Na6 13. h5 Nb4 14. hxg6 fxg6 15. f4 c4 16. Qg4 Nc2 17. Rb1 Bxc3 18. bxc3 Rxa2 19. Ne2 Nc5 20. f5 Qe8
21. Kg1 Qf7 22. Nf4 gxf5 23. Qh3 Qg7 24. exf5 e5 25. dxe6 Ne4 26. g6 h5 27. Be3 Nxe3 28. Qxe3 Qe5 29. Rxh5 Rxf5 30. Rb8+
1-0

[Event "Benko - Volga Gambit"]
[Site "SchemingMind.com"]
[Date "2006.08.27"]
[Round "-"]
[White "Raimondi"]
[Black "Gordon"]
[Result "0-1"]
[WhiteCountry "PER"]
[BlackCountry "ENG"]
[WhiteElo "1527"]
[WhiteRD "70"]
[BlackElo "2345"]
[BlackRD "79"]
[GameID "65301"]

1. d4 Nf6 2. c4 c5 3. d5 b5 4. cxb5 a6 5. e3 axb5 6. Bxb5 Qa5+ 7. Nc3 Bb7 8. Ne2 Nxd5 9. O-O Nxc3 10. Nxc3 e6
11. e4 Bxe4 12. Bxd7+ Nxd7 13. Nxe4 Qa4 14. b3 Qxe4 15. a4 Be7 16. Be3 Rd8 17. Qc1 O-O 18. Qc4 Qxc4 19. bxc4 Nb8 20. Rfb1 Nc6
21. a5 Ra8 22. a6 Ra7 23. Rb7 Rfa8 24. Rxa7 Rxa7 25. Kf1 Nb4 26. Ke2 Rxa6
0-1

[Event "Benko - Volga Gambit"]
[Site "SchemingMind.com"]
[Date "2006.08.29"]
[Round "-"]
[White "Shaka"]
[Black "Raimondi"]
[Result "0-1"]
[WhiteCountry "VEN"]
[BlackCountry "PER"]
[WhiteElo "1872"]
[WhiteRD "78"]
[BlackElo "1550"]
[BlackRD "78"]
[GameID "65764"]

1. d4 Nf6 2. c4 c5 3. d5 b5 4. cxb5 a6 5. bxa6 Bxa6 6. g3 g6 7. Bg2 d6 8. Nc3 Bg7 9. Nf3 O-O 10. O-O Nbd7
11. h3 Qc7 12. Re1 Rfb8 13. Qc2 Nb6 14. e4 Nfd7 15. Be3 Ne5 16. Nxe5 Bxe5 17. f4 Bg7 18. e5 Nc4 19. Bc1 Bb7 20. b3 Nb6
21. Qe2 Nd7 22. Bb2 dxe5 23. Nb5 Qb6 24. Kh1 Ra5 25. a4 Ba6 26. fxe5 Bxb5 27. axb5 Rxb5 28. e6 Bxb2 29. exf7+ Kxf7 30. Qxb2 Rxb3
31. Rf1+ Nf6 32. Qe5 Qd6 33. Qxd6 exd6 34. Ra6 R8b6 35. Ra7+ Rb7 36. Ra6 Rd7 37. g4 Kg7 38. Rc6 Rd3 39. g5 Nxd5 40. Rc8 Rf7
0-1

[Event "Benko - Volga Gambit"]
[Site "SchemingMind.com"]
[Date "2006.08.29"]
[Round "-"]
[White "Shaka"]
[Black "Gordon"]
[Result "0-1"]
[WhiteCountry "VEN"]
[BlackCountry "ENG"]
[WhiteElo "1872"]
[WhiteRD "78"]
[BlackElo "2324"]
[BlackRD "80"]
[GameID "65765"]

1. d4 Nf6 2. c4 c5 3. d5 b5 4. cxb5 a6 5. bxa6 Bxa6 6. Nf3 d6 7. g3 g6 8. Bg2 Bg7 9. O-O Nbd7 10. h3 O-O
11. Nc3 Qb6 12. Re1 Rfb8 13. e4 Ne8 14. Qc2 Nc7 15. Rb1 Nb5 16. Na4 Qa7 17. Bg5 Bc8 18. b3 Na3 19. Qd2 Nxb1 20. Rxb1 Nb6
21. Nxb6 Rxb6 22. a4 Rab8 23. Qc2 h6 24. Be3 Bd7 25. Nd2 Rb4 26. Bf1 Kh7 27. Kh2 Qc7 28. Bc4 Qc8 29. g4 Be5+ 30. Kg2 Qh8
31. f4 Bd4 32. Re1 Bxe3 33. Rxe3 Bxa4 34. bxa4 Rb2 35. Qd3 Rxd2+ 36. Qxd2 Rb2 37. Qxb2 Qxb2+ 38. Re2 Qd4 39. Bb5 c4 40. Kf3 c3
41. Rh2 Qd1+
0-1

[Event "Benko - Volga Gambit"]
[Site "SchemingMind.com"]
[Date "2006.08.29"]
[Round "-"]
[White "Shaka"]
[Black "Gambiteer"]
[Result "0-1"]
[WhiteCountry "VEN"]
[BlackCountry "ENG"]
[WhiteElo "1872"]
[WhiteRD "78"]
[BlackElo "2125"]
[BlackRD "65"]
[GameID "65766"]

1. d4 Nf6 2. c4 c5 3. d5 b5 4. cxb5 a6 5. b6 Qxb6 6. Nc3 d6 7. e4 g6 8. Nf3 Bg7 9. Qc2 O-O 10. Bd3 e6
11. O-O exd5 12. exd5 Bb7 13. Bc4 Re8 14. b3 Nbd7 15. Bb2 Qa5 16. Rfe1 Rab8 17. Re2 Nb6 18. Qd3 Rxe2 19. Qxe2 Nxc4 20. bxc4 Nxd5
21. Nxd5 Bxd5 22. Bxg7 Bxf3 23. Qxf3 Kxg7 24. Qd3 Qd8 25. Rd1 Qf6 26. h3 Rb2 27. Rd2 Rxd2 28. Qxd2 Qa1+ 29. Kh2 Qd4 30. Qc2 Kf6
31. Kg3 g5 32. f3 h5 33. Qc1 h4+ 34. Kh2 Qf4+
0-1

[Event "Benko - Volga Gambit"]
[Site "SchemingMind.com"]
[Date "2006.08.29"]
[Round "-"]
[White "Raimondi"]
[Black "Shaka"]
[Result "0-1"]
[WhiteCountry "PER"]
[BlackCountry "VEN"]
[WhiteElo "1515"]
[WhiteRD "73"]
[BlackElo "1937"]
[BlackRD "80"]
[GameID "65767"]

1. d4 Nf6 2. c4 c5 3. d5 b5 4. cxb5 a6 5. e3 axb5 6. Bxb5 g6 7. Nf3 Bg7 8. Nc3 O-O 9. O-O d6 10. e4 Nbd7
11. Re1 Ba6 12. Bxa6 Rxa6 13. a3 Ng4 14. Bd2 Qb6 15. h3 Nge5 16. Rb1 Rb8 17. a4 Nd3 18. Re2 c4 19. Be3 N7c5 20. Rd2 Bxc3
21. Rc2 Bg7 22. Rxc4 Qb3 23. Qxb3 Rxb3 24. Nd2 Rxb2 25. Ra1 Rxd2
0-1

[Event "Benko - Volga Gambit"]
[Site "SchemingMind.com"]
[Date "2006.08.29"]
[Round "-"]
[White "Gordon"]
[Black "Shaka"]
[Result "1-0"]
[WhiteCountry "ENG"]
[BlackCountry "VEN"]
[WhiteElo "2306"]
[WhiteRD "79"]
[BlackElo "1937"]
[BlackRD "80"]
[GameID "65768"]

1. d4 Nf6 2. c4 c5 3. d5 b5 4. cxb5 a6 5. bxa6 Bxa6 6. Nc3 g6 7. e4 Bxf1 8. Kxf1 Bg7 9. g4 d6 10. Kg2 O-O
11. g5 Nh5 12. Nge2 Nd7 13. Ng3 Qb6 14. Nxh5 Bxc3 15. bxc3 gxh5 16. Qxh5 Ra4 17. Re1 Qa5 18. Re3 Rb8 19. Rf3 Ne5 20. Rh3 Ng6
21. Qxh7+ Kf8 22. Rf3
1-0

[Event "Benko - Volga Gambit"]
[Site "SchemingMind.com"]
[Date "2006.08.30"]
[Round "-"]
[White "Gambiteer"]
[Black "Shaka"]
[Result "1-0"]
[WhiteCountry "ENG"]
[BlackCountry "VEN"]
[WhiteElo "2066"]
[WhiteRD "67"]
[BlackElo "1937"]
[BlackRD "80"]
[GameID "65769"]

1. d4 Nf6 2. c4 c5 3. d5 b5 4. cxb5 a6 5. bxa6 Bxa6 6. Nc3 g6 7. g3 Bg7 8. Bg2 d6 9. Nh3 O-O 10. O-O Nbd7
11. Qc2 Qb6 12. Bf4 Rfb8 13. Rab1 Ne8 14. Ng5 Nc7 15. a4 h6 16. Nge4 Qb3 17. Qc1 Kh7 18. Qe3 Bd4 19. Qf3 Qc2 20. Rfc1 Qb3
21. Bxd6 exd6 22. Qxf7+ Bg7 23. Qxd7 Qb6 24. Qxd6 Qxd6 25. Nxd6 Rb6 26. Nde4
1-0

[Event "Benko - Volga Gambit"]
[Site "SchemingMind.com"]
[Date "2006.09.02"]
[Round "-"]
[White "maaac"]
[Black "Raimondi"]
[Result "1-0"]
[WhiteCountry "AUS"]
[BlackCountry "PER"]
[WhiteElo "1785"]
[WhiteRD "80"]
[BlackElo "1527"]
[BlackRD "70"]
[GameID "66287"]

1. d4 Nf6 2. c4 c5 3. d5 b5 4. cxb5 a6 5. bxa6 Bxa6 6. Nc3 g6 7. g3 Bg7 8. Bg2 d6 9. Nf3 O-O 10. O-O Nbd7
11. Qc2 Re8 12. Rd1 Qc7 13. b3 Reb8 14. Bb2 c4 15. Nd4 cxb3 16. axb3 Nc5 17. e4 Nfd7 18. Na4 Qc8 19. Nc6 Nxb3 20. Nxe7+
1-0

[Event "Benko - Volga Gambit"]
[Site "SchemingMind.com"]
[Date "2006.09.02"]
[Round "-"]
[White "maaac"]
[Black "Gordon"]
[Result "0-1"]
[WhiteCountry "AUS"]
[BlackCountry "ENG"]
[WhiteElo "1790"]
[WhiteRD "78"]
[BlackElo "2306"]
[BlackRD "79"]
[GameID "66288"]

1. d4 Nf6 2. c4 c5 3. d5 b5 4. cxb5 a6 5. bxa6 Bxa6 6. Nc3 d6 7. g3 g6 8. Bg2 Bg7 9. Nf3 Nbd7 10. O-O Nb6
11. Qc2 Nfxd5 12. Nxd5 Nxd5 13. Qa4+ Qd7 14. Qxd7+ Kxd7 15. Ng5 e6 16. Nxf7 Rhf8 17. Ng5 h6 18. Nh3 Bxe2 19. Re1 Bf3 20. Bf1 Rfb8
21. Bc4 Bxb2 22. Bxb2 Rxb2 23. a4 e5 24. a5 Nb4 25. Rec1 Kc6 26. Kf1 d5 27. Ng1 e4 28. Be2 Bxe2+ 29. Nxe2 Nd3 30. Rc3 Rf8
0-1

[Event "Benko - Volga Gambit"]
[Site "SchemingMind.com"]
[Date "2006.09.02"]
[Round "-"]
[White "maaac"]
[Black "Gambiteer"]
[Result "0-1"]
[WhiteCountry "AUS"]
[BlackCountry "ENG"]
[WhiteElo "1790"]
[WhiteRD "78"]
[BlackElo "2066"]
[BlackRD "67"]
[GameID "66289"]

1. d4 Nf6 2. c4 c5 3. d5 b5 4. cxb5 a6 5. bxa6 Bxa6 6. Nc3 d6 7. g3 g6 8. Bg2 Bg7 9. Nf3 O-O 10. O-O Nbd7
11. Qc2 Qa5 12. Bd2 Qb6 13. Na4 Qb7 14. Bc3 Bb5 15. b3 Nxd5 16. Bxg7 Kxg7 17. Nc3 Bc6 18. h4 N7f6 19. Nxd5 Bxd5 20. Rfd1 Kg8
21. Ne1 Bxg2 22. Nxg2 Ra6 23. Nf4 Rfa8 24. h5 g5 25. Nh3 h6 26. f4 gxf4 27. Nxf4 Qd7 28. Kg2 Qb7+ 29. Kg1 Qd7 30. Kg2 Qg4
31. Rh1 e5 32. Rh4 Qg7 33. Nh3 Ng4 34. Kf3 e4+ 35. Qxe4 Nh2+ 36. Kg2 Qxa1 37. Kxh2 Rxa2 38. Rg4+ Kh8 39. Qe3 Rxe2+ 40. Qxe2 Ra2
0-1

[Event "Benko - Volga Gambit"]
[Site "SchemingMind.com"]
[Date "2006.09.02"]
[Round "-"]
[White "maaac"]
[Black "Shaka"]
[Result "0-1"]
[WhiteCountry "AUS"]
[BlackCountry "VEN"]
[WhiteElo "1790"]
[WhiteRD "78"]
[BlackElo "1937"]
[BlackRD "80"]
[GameID "66290"]

1. d4 Nf6 2. c4 c5 3. d5 b5 4. cxb5 a6 5. bxa6 Bxa6 6. g3 g6 7. Bg2 d6 8. Nf3 Bg7 9. O-O O-O 10. Nc3 Nbd7
11. Qc2 Ng4 12. b3 Rb8 13. Bb2 Qb6 14. Na4 Qb4 15. Bxg7 Kxg7 16. h3 Nge5 17. Nxe5 Nxe5 18. f4 Nd7 19. Rac1 Rfc8 20. f5 c4
21. bxc4 Rxc4
0-1

[Event "Benko - Volga Gambit"]
[Site "SchemingMind.com"]
[Date "2006.09.02"]
[Round "-"]
[White "Raimondi"]
[Black "maaac"]
[Result "0-1"]
[WhiteCountry "PER"]
[BlackCountry "AUS"]
[WhiteElo "1515"]
[WhiteRD "73"]
[BlackElo "1790"]
[BlackRD "78"]
[GameID "66291"]

1. d4 Nf6 2. c4 c5 3. d5 b5 4. cxb5 a6 5. e3 g6 6. Nc3 Bg7 7. Nf3 O-O 8. Be2 d6 9. O-O axb5 10. Bxb5 Ba6
11. Bxa6 Nxa6 12. e4 Nd7 13. Bd2 c4 14. b3 cxb3 15. axb3 Ndc5 16. Re1 Nb4 17. Rxa8 Qxa8 18. Na4 Nbd3 19. Re3 Rb8 20. Nxc5 Nxc5
21. b4 Nd7 22. Rb3 Qa4 23. Ne1 Nc5 24. Rb1 Qxd1 25. Rxd1 Nxe4 26. Nc2 Nc3 27. Re1 Nxd5 28. Rb1 f5 29. Na3 Kf7 30. Kf1 e5
31. Nc4 Ke6 32. b5 e4 33. Ba5 Bc3 34. Rb3 Bxa5 35. Nxa5 Nb6 36. Nc6 Ra8 37. Rh3 h5 38. Rg3 Kf6 39. Rb3 Ra2 40. Nb4 Ra1+
41. Ke2 f4 42. Na6 Ra2+ 43. Kf1 Ke5 44. Nc7 d5 45. Rc3 Nc4 46. Rb3 Nd2+
0-1

[Event "Benko - Volga Gambit"]
[Site "SchemingMind.com"]
[Date "2006.09.02"]
[Round "-"]
[White "Gordon"]
[Black "maaac"]
[Result "1/2-1/2"]
[WhiteCountry "ENG"]
[BlackCountry "AUS"]
[WhiteElo "2306"]
[WhiteRD "79"]
[BlackElo "1790"]
[BlackRD "78"]
[GameID "66292"]

1. d4 Nf6 2. c4 c5 3. d5 b5 4. cxb5 a6 5. bxa6 Bxa6 6. Nc3 g6 7. e4 Bxf1 8. Kxf1 d6 9. Nf3 Bg7 10. g3 O-O
11. Kg2 Nbd7 12. Re1 Qb6 13. h3 Rfb8 14. Re2 c4 15. Be3 Nc5 16. Nd4 Nfxe4 17. Nxe4 Nxe4 18. Nc6 Qb7 19. Nxb8 Rxb8 20. Bd4 Nf6
21. Bxf6 Bxf6 22. Rc1 Bxb2 23. Rb1 c3 24. Kh2 Ra8 25. Qd4 Rxa2 26. Rbe1 c2 27. Qc4 c1=Q 28. Rxc1 Bxc1 29. Qxa2 Bg5 30. Rb2 Qc8
31. Rc2 Qb7 32. Qb2 Qxb2 33. Rxb2 h5 34. Kg2 Kg7 35. Kf3 Bf6 36. Rb7 Kh6 37. Ke4 Kg7 38. f3 Kh6 39. g4 hxg4= 40. hxg4 Kg5
41. Rb8 Kh6 42. f4 Kg7 43. g5 Ba1 44. Re8 f5+ 45. Kd3=
1/2-1/2

[Event "Benko - Volga Gambit"]
[Site "SchemingMind.com"]
[Date "2006.09.02"]
[Round "-"]
[White "Gambiteer"]
[Black "maaac"]
[Result "1-0"]
[WhiteCountry "ENG"]
[BlackCountry "AUS"]
[WhiteElo "2066"]
[WhiteRD "67"]
[BlackElo "1790"]
[BlackRD "78"]
[GameID "66293"]

1. d4 Nf6 2. c4 c5 3. d5 b5 4. cxb5 a6 5. bxa6 Bxa6 6. Nc3 g6 7. f4 Bg7 8. Nf3 O-O 9. g3 d6 10. Bg2 Nbd7
11. O-O Rb8 12. Re1 c4 13. Nd4 Nc5 14. Nc6 Qb6 15. Nxb8 Nd3+ 16. e3 Nxe1 17. Qxe1 Rxb8 18. a4 Nd7 19. a5 Qc7 20. e4 Nc5
21. Bf1 Nd3 22. Bxd3 cxd3 23. Kg2 h5 24. h3 Qc5 25. Nd1 Bd4 26. Bd2 Rb3 27. Rc1 Qb5 28. Rc6 Qb7 29. Kh2 Bb5 30. Rc1 Bxb2
31. Nxb2 Rxb2 32. Qe3 Ba6 33. Rf1 Qc7 34. Rf2 f6 35. f5 g5 36. Qf3 Qc4 37. Qxh5 Qxe4 38. h4 Rxd2 39. Rxd2 gxh4 40. Rg2 h3
41. Qe8+ Kg7 42. Rb2 Bb7= 43. Qg6+ Kf8 44. Qh6+ Kf7 45. a6 Bxd5 46. Qg6+
1-0

[Event "Benko - Volga Gambit"]
[Site "SchemingMind.com"]
[Date "2006.09.05"]
[Round "-"]
[White "Shaka"]
[Black "maaac"]
[Result "0-1"]
[WhiteCountry "VEN"]
[BlackCountry "AUS"]
[WhiteElo "1824"]
[WhiteRD "81"]
[BlackElo "1769"]
[BlackRD "83"]
[GameID "66294"]

1. d4 Nf6 2. c4 c5 3. d5 b5 4. Qc2 g6 5. Nf3 Bg7 6. e4 d6 7. cxb5 a6 8. Nc3 O-O 9. bxa6 Bxa6 10. Bxa6 Nxa6
11. O-O e6 12. Re1 Nb4 13. Qe2 exd5 14. Bg5 d4 15. Nb5 Qb6 16. a4 Nd7 17. Qc4 Rfe8 18. Bd2 Na6 19. Rac1 Qc6 20. Bf4 Ne5
21. Nxe5 Bxe5 22. Bxe5 Rxe5 23. Nxd4 Qe8 24. Nb5 d5 25. Qb3 Rxe4 26. Rxe4 Qxe4 27. Nc3 Qf4 28. Re1 d4 29. Qd5 Rb8 30. Nb5 Qd2
31. Qe5 Qxb2 32. h3 Qb4 33. Nd6 d3 34. Re3 d2 35. Nf5 d1=Q+ 36. Kh2 gxf5 37. Rg3+ Kf8 38. Qh8+ Ke7 39. Qe5+ Kd7 40. Qxf5+ Kc7
41. Qxf7+ Qd7
0-1

[Event "Benko - Volga Gambit"]
[Site "SchemingMind.com"]
[Date "2006.09.02"]
[Round "-"]
[White "colonia"]
[Black "Raimondi"]
[Result "1-0"]
[WhiteCountry "GER"]
[BlackCountry "PER"]
[WhiteElo "2107"]
[WhiteRD "89"]
[BlackElo "1527"]
[BlackRD "70"]
[GameID "66333"]

1. d4 Nf6 2. c4 c5 3. d5 b5 4. a4 bxc4 5. Nc3 Na6 6. e4 g6 7. Bxc4 d6 8. f4 Nb4 9. Nf3 Bg7 10. O-O Bb7
11. e5 Nd7 12. exd6 O-O 13. dxe7 Qxe7 14. Re1 Qd8 15. a5 Rb8 16. f5 Nf6 17. Bf4 Rc8 18. fxg6 hxg6 19. Bg5 Qd6 20. Qd2 Nd7
21. Be7 Qc7 22. Nb5 Qb8 23. Nd6 Rc7 24. Bxf8 Bxf8 25. Re8 Qxe8 26. Nxe8
1-0

[Event "Benko - Volga Gambit"]
[Site "SchemingMind.com"]
[Date "2006.09.02"]
[Round "-"]
[White "colonia"]
[Black "Gordon"]
[Result "1/2-1/2"]
[WhiteCountry "GER"]
[BlackCountry "ENG"]
[WhiteElo "2185"]
[WhiteRD "83"]
[BlackElo "2279"]
[BlackRD "79"]
[GameID "66334"]

1. d4 Nf6 2. c4 c5 3. d5 b5 4. cxb5 a6 5. bxa6 Bxa6 6. Nc3 d6 7. g3 g6 8. Bg2 Bg7 9. Nf3 O-O 10. O-O Nbd7
11. Re1 Qb6 12. e4 Ng4 13. Qc2 Rfb8 14. Rb1 Nge5 15. Rd1 Nxf3+ 16. Bxf3 Ne5 17. Be2 Bxe2 18. Nxe2 Rxa2 19. Nc3 Ra7 20. Kg2 Qb3
21. Qxb3 Rxb3 22. Bf4 Rab7 23. Ra1 Rxb2 24. Ra8+ Rb8 25. Rda1 Nd3 26. Nd1 Nxf4+ 27. gxf4 Rb4 28. R1a7 Rxa8 29. Rxa8+ Bf8 30. Kf3 f5
31. e5 dxe5 32. fxe5 Rd4 33. Ne3 f4 34. Ng2 Rxd5 35. Kxf4 e6 36. Ke4 Rd4+ 37. Ke3 Kf7 38. Ra7+ Be7 39. Ne1 Ke8 40. Nd3 g5
41. Ra6 Kf7 42. Ra7 Rd5 43. Ra4 Rd7 44. Rc4 Kg6 45. Ke4 Ra7 46. h3 h5 47. Rc3 Ra4+ 48. Kf3 Rh4 49. Kg2 Re4 50. Nxc5 Rxe5
51. Nd7 Ra5 52. Rc7 Bb4 53. Rc4 Rb5 54. Ne5+ Kf6 55. Nf3 Bc5=
1/2-1/2

[Event "Benko - Volga Gambit"]
[Site "SchemingMind.com"]
[Date "2006.09.02"]
[Round "-"]
[White "colonia"]
[Black "Gambiteer"]
[Result "1-0"]
[WhiteCountry "GER"]
[BlackCountry "ENG"]
[WhiteElo "2144"]
[WhiteRD "81"]
[BlackElo "2066"]
[BlackRD "67"]
[GameID "66335"]

1. d4 Nf6 2. c4 c5 3. d5 b5 4. cxb5 a6 5. b6 Qxb6 6. Nc3 e6 7. Nf3 Bb7 8. e4 exd5 9. exd5 Be7 10. Bc4 O-O
11. O-O d6 12. Re1 Re8 13. b3 Nbd7 14. Bb2 Qc7 15. Qd3 Nb6 16. Nd2 Qd7 17. Re2 Bd8 18. Rae1 Rxe2 19. Rxe2 Be7 20. h3 Re8
21. Qg3 Nh5 22. Qf3 Nf6= 23. Nde4 Kf8 24. Ng3 Kg8 25. Nce4 Nxe4 26. Rxe4 Nxc4 27. bxc4 f6 28. Qh5 g6 29. Qe2 Kf7 30. Qf3 Bc8
31. Rh4 Kg7 32. Ne4 Rf8 33. Ng5 Rh8 34. Ne6+ Kf7 35. Rf4 Ke8 36. Bxf6 Bxf6 37. Rxf6 Qe7 38. Rf4
1-0

[Event "Benko - Volga Gambit"]
[Site "SchemingMind.com"]
[Date "2006.09.02"]
[Round "-"]
[White "colonia"]
[Black "Shaka"]
[Result "1-0"]
[WhiteCountry "GER"]
[BlackCountry "VEN"]
[WhiteElo "2170"]
[WhiteRD "80"]
[BlackElo "1872"]
[BlackRD "78"]
[GameID "66336"]

1. d4 Nf6 2. c4 c5 3. d5 b5 4. Nf3 g6 5. Qc2 d6 6. e4 Bg7 7. cxb5 O-O 8. Nc3 Nbd7 9. Be2 a6 10. O-O axb5
11. Bxb5 Ba6 12. a4 Ng4 13. Bd2 Nge5 14. Nxe5 Nxe5 15. Bxa6 Rxa6 16. Nd1 Qa8 17. Bc3 Rb8 18. Ne3 Rb7 19. f4 Nd7 20. Nc4 Qb8
21. a5 Bxc3 22. bxc3 Rb5 23. Qd3 Ra8 24. e5 Kg7 25. Rae1 Rb7 26. Re2 Nf8 27. f5 Qd8 28. fxg6 hxg6 29. Ref2
1-0

[Event "Benko - Volga Gambit"]
[Site "SchemingMind.com"]
[Date "2006.09.02"]
[Round "-"]
[White "colonia"]
[Black "maaac"]
[Result "1-0"]
[WhiteCountry "GER"]
[BlackCountry "AUS"]
[WhiteElo "2144"]
[WhiteRD "81"]
[BlackElo "1790"]
[BlackRD "78"]
[GameID "66337"]

1. d4 Nf6 2. c4 c5 3. d5 b5 4. cxb5 a6 5. bxa6 Bxa6 6. Nc3 g6 7. e4 Bxf1 8. Kxf1 d6 9. Nf3 Bg7 10. h3 O-O
11. Kg1 Nbd7 12. Kh2 Qb6 13. Re1 Rfb8 14. Re2 c4 15. Be3 Nc5 16. e5 Nfd7 17. e6 Ne5 18. Nxe5 Bxe5+ 19. f4 Bf6 20. exf7+ Kxf7
21. Bd4 Nd3 22. Bxb6
1-0

[Event "Benko - Volga Gambit"]
[Site "SchemingMind.com"]
[Date "2006.09.02"]
[Round "-"]
[White "Raimondi"]
[Black "colonia"]
[Result "0-1"]
[WhiteCountry "PER"]
[BlackCountry "GER"]
[WhiteElo "1527"]
[WhiteRD "70"]
[BlackElo "2107"]
[BlackRD "89"]
[GameID "66338"]

1. d4 Nf6 2. c4 c5 3. d5 b5 4. cxb5 a6 5. e3 e6 6. Nc3 axb5 7. Bxb5 Qa5 8. Bd2 Na6 9. Nge2 Nxd5 10. Bxd7+ Bxd7
11. Nxd5 Qb5 12. Ndc3 Qxb2 13. O-O Qb7 14. e4 Bc6 15. f3 Nb4 16. Qb1 c4 17. Kh1 Nd3 18. Nd4 Qxb1 19. Rfxb1 Bd7 20. a4 Bc5
21. Be3 Ke7 22. a5 Ra6 23. Nc2 Rc8 24. Rb7 Ke8 25. h3 Bc6 26. Rbb1 Bd6 27. Bb6 Bd7 28. Nd4 Be5 29. Ndb5 Bxb5
0-1

[Event "Benko - Volga Gambit"]
[Site "SchemingMind.com"]
[Date "2006.09.02"]
[Round "-"]
[White "Gordon"]
[Black "colonia"]
[Result "1/2-1/2"]
[WhiteCountry "ENG"]
[BlackCountry "GER"]
[WhiteElo "2306"]
[WhiteRD "79"]
[BlackElo "2144"]
[BlackRD "81"]
[GameID "66339"]

1. d4 Nf6 2. c4 c5 3. d5 b5 4. cxb5 a6 5. bxa6 Bxa6 6. Nc3 d6 7. e4 Bxf1 8. Kxf1 g6 9. g4 Bg7 10. Kg2 O-O
11. g5 Nh5 12. Nge2 f5 13. gxf6 Rxf6 14. Be3 Qc8 15. h3 Nd7 16. f4 e5 17. dxe6 Rxe6 18. Qd3 Qb7 19. Qd5 Qxd5 20. Nxd5 Bxb2
21. Rab1 Rxa2 22. Kf3 Nhf6 23. Rhd1 Nxd5 24. Rxd5 Bg7 25. Rbd1 Bf8 26. R5d2 Ra4 27. e5 Ra3 28. Rd3 Rxd3 29. Rxd3 Nb6 30. exd6 Rxd6
31. Rxd6 Bxd6 32. Ng3 Be7 33. f5 Kf7 34. fxg6+ Kxg6 35. Ke4 Kf6 36. Nh5+ Ke6 37. Nf4+ Kd6 38. Nd3 Kc6 39. Kf5 Nd5 40. Bxc5 Bxc5
41. Nxc5 Kxc5 42. Ke5 Kc4 43. h4 Kc5=
1/2-1/2

[Event "Benko - Volga Gambit"]
[Site "SchemingMind.com"]
[Date "2006.09.02"]
[Round "-"]
[White "Gambiteer"]
[Black "colonia"]
[Result "0-1"]
[WhiteCountry "ENG"]
[BlackCountry "GER"]
[WhiteElo "2066"]
[WhiteRD "67"]
[BlackElo "2144"]
[BlackRD "81"]
[GameID "66340"]

1. d4 Nf6 2. c4 c5 3. d5 b5 4. cxb5 a6 5. bxa6 Bxa6 6. Nc3 d6 7. f4 g6 8. Nf3 Bg7 9. e4 Bxf1 10. Rxf1 O-O
11. e5 dxe5 12. fxe5 Ng4 13. Qe2 Nd7 14. e6 Nde5 15. Bf4 Qb8 16. O-O-O fxe6 17. Bg3 Ne3 18. dxe6 Nxf1 19. Rxf1 Bh6+ 20. Kc2 Nxf3
21. Rxf3 Qa7 22. Qc4 Bg7 23. Bf2 Bd4 24. Rxf8+ Rxf8 25. Bxd4 cxd4 26. Ne4 d3+ 27. Kxd3 Qg1 28. Qd5 Qb1+ 29. Ke2 Qxb2+ 30. Nd2 Qb6
31. Nf3 Rf4 32. h3 Ra4
0-1

[Event "Benko - Volga Gambit"]
[Site "SchemingMind.com"]
[Date "2006.09.05"]
[Round "-"]
[White "Shaka"]
[Black "colonia"]
[Result "0-1"]
[WhiteCountry "VEN"]
[BlackCountry "GER"]
[WhiteElo "1824"]
[WhiteRD "81"]
[BlackElo "2185"]
[BlackRD "83"]
[GameID "66341"]

1. d4 Nf6 2. c4 c5 3. d5 b5 4. Qc2 bxc4 5. e4 e6 6. Bxc4 exd5 7. exd5 d6 8. Ne2 Be7 9. O-O O-O 10. Nbc3 Nbd7
11. Bf4 Nb6 12. b3 Rb8 13. Rfe1 Re8 14. Rad1 Nxc4 15. bxc4 Bg4 16. f3 Bh5 17. Bg3 Bg6 18. Qc1 Nh5 19. Bf2 Rb4 20. Ne4 Bxe4
21. fxe4 Bf6 22. Ng3 Nxg3 23. Bxg3 Bd4+ 24. Kh1 Qe7 25. a3 Rb3 26. Rxd4 cxd4 27. Qd1 Re3 28. Rxe3 dxe3 29. Qd4 Qxe4 30. Qxe4 Rxe4
31. Be1 Rxc4 32. Kg1 Rf4 33. g3 Rf5
0-1

[Event "Benko - Volga Gambit"]
[Site "SchemingMind.com"]
[Date "2006.09.02"]
[Round "-"]
[White "maaac"]
[Black "colonia"]
[Result "0-1"]
[WhiteCountry "AUS"]
[BlackCountry "GER"]
[WhiteElo "1790"]
[WhiteRD "78"]
[BlackElo "2144"]
[BlackRD "81"]
[GameID "66342"]

1. d4 Nf6 2. c4 c5 3. d5 b5 4. cxb5 a6 5. bxa6 Bxa6 6. Nc3 d6 7. Nf3 g6 8. g3 Bg7 9. Bg2 Nbd7 10. O-O O-O
11. Qc2 Qb6 12. b3 Rfb8 13. Bb2 c4 14. Na4 cxb3 15. axb3 Qxb3 16. Qxb3 Rxb3 17. Nd4 Rb7 18. Bf3 Ne5 19. Bg2 Bc4 20. Nc3 Rc8
21. Rfb1 Rcb8 22. Bc1 Rxb1 23. Rxb1 Rxb1 24. Nxb1 Bxd5 25. f4 Nc4 26. Nc3 Bxg2 27. Kxg2 Nd7 28. Ncb5 Nc5 29. Kf3 f5 30. h3 Kf7
31. g4 e6 32. e3 Ke7 33. h4 fxg4+ 34. Kxg4 Bxd4 35. Nxd4 Nd3
0-1